| 000 | 00000nam##2200000za#4500 |
| 001 | 9.604029 |
| 003 | CaOODSP |
| 005 | 20260128153020 |
| 007 | cr ||||||||||| |
| 008 | 150406|1997||||xxc|||||o f|0| 0 fre|d |
| 022 | |a1488-545X |
| 040 | |aCaOODSP|bfre |
| 043 | |an-cn--- |
| 086 | 1 |aFs97-6/2171F-PDF |
| 110 | 2 |aInstitut Maurice-Lamontagne. |
| 245 | 10|aSuivi ichtyologique dans l'estuaire du Saint-Laurent (1986-1995) / |h[ressource électronique]|c[par] S. Berubé et J.-D. Lambert. |
| 260 | |aMont-Joli - Québec : |bPêches et Océans Canada. |cc1997. |
| 300 | |a64p.|bfigures, graphiques, cartes, références, tableaux |
| 490 | 1 |aRapport technique canadien des sciences halieutiques et aquatiques|x1488-545X|vN° 2171 |
| 500 | |aLe n° de catalogue (97-6/2171) et l'ISSN (0706-6570) copiés dans cette édition électronique sont incorrects. |
| 546 | |a(Abstract in English) |
| 590 | |a12-23-Supp|b2012-05-28 |
| 720 | 1 |aBerubé, S. |
| 720 | 1 |aLambert, J. -D. |
| 776 | 0#|tSuivi ichtyologique dans l'estuaire du Saint-Laurent (1986-1995) / |w(CaOODSP)9.624431 |
| 830 | #0|aRapport technique canadien des sciences halieutiques et aquatiques,|x1488-545X|vN° 2171|w(CaOODSP)9.500867 |
| 856 | 40|ahttp://publications.gc.ca|qPDF|s3.41 Mo|uhttps://publications.gc.ca/collections/collection_2012/mpo-dfo/Fs97-6-2171-fra.pdf|yN° 2171 |